000 00823nam a22002537a 4500
003 OSt
005 20250929023415.0
008 250929b |||||||| |||| 00| 0 eng d
020 _a978-0-07-352576-1.
040 _aDWCL-Main lib
_cOC
082 _2Circ. 370.151 M487c 2008
100 _aMeece, Judith L.
245 _aChild and adolescent development for educators
260 _aBoston :
_bMcGraw-Hill Cmpanies, Inc.,
_cc2008.
300 _axx, various paging :
_bcolored illustration ;
_c25 cm
504 _aIncludes bibliographical references and indexes.
650 _21. Adolescence.
650 _22. Child development.
650 _23. Child development.
650 _24. Cognition in children.
650 _25. Constructivism (Education).
700 _aDaniels, Denise H.
942 _2ddc
_cBK-CIRC
_kCirc.
_n0
999 _c4533
_d4533